Adaptation biology and medicine / Vol.2 : Molecular basic

Gorde:
Xehetasun bibliografikoak
Egile nagusia: Pandolf, K B
Formatua: Liburua
Hizkuntza:Undetermined
Argitaratua: New Delhi Narosa Publishing House 1999
Gaiak:
Etiketak: Etiketa erantsi
Etiketarik gabe, Izan zaitez lehena erregistro honi etiketa jartzen!
Thư viện lưu trữ: Trung tâm Học liệu Trường Đại học Cần Thơ
LEADER 00596nam a2200205Ia 4500
001 CTU_128520
008 210402s9999 xx 000 0 und d
020 |c 3559000 
082 |a 616.99 
082 |b P189/Vol.2 
100 |a Pandolf, K B 
245 0 |a Adaptation biology and medicine / Vol.2 : Molecular basic 
245 0 |c K B Pandolf, N Takeda, P K Singal 
260 |a New Delhi 
260 |b Narosa Publishing House 
260 |c 1999 
650 |a cancer,molecular Biology 
650 |x molecular aspects 
904 |i Năm 
980 |a Trung tâm Học liệu Trường Đại học Cần Thơ